000 00297nam a22001337a 4500
008 181206b xxu||||| |||| 00| 0 eng d
020 _a9780486673554
041 _aeng
080 _a541
100 _a12
101 _aKIM
245 _aGroup theory and Chemistry
_cBishop,D.M
942 _2udc
_cBK
999 _c52947
_d52947